| 000 | 00739nam a2200265Ia 4500 | ||
|---|---|---|---|
| 008 | 171025s9999 xx 000 0 und d | ||
| 020 | _a9780976035794 | ||
| 050 | _a173 | ||
| 050 | _bF451 2005 | ||
| 100 | _aFidler, Julie Anne | ||
| 245 | _aAdventures in holy matrimony : | ||
| 245 | _bfor better or the absolute worst / | ||
| 245 | _cby Julie Anne Fidler ; foreword by Shaunti Feldhahn. | ||
| 260 | _aUSA : | ||
| 260 | _bRelevant Books, | ||
| 260 | _c2005 | ||
| 300 | _axxiii, 135 pages : | ||
| 300 | _billustrations ; | ||
| 300 | _c21cm. | ||
| 500 | _aIncludes bibliographic reference. | ||
| 650 | _aMarriage -- | ||
| 650 | _xReligious aspects -- Christianity. | ||
| 700 | _aFeldhahn, Shaunti. | ||
| 700 | _aTitle. | ||
| 999 |
_c344635 _d344635 |
||